书目信息 |
| 题名: |
马列著作毛泽东著作选读
|
|
| 作者: | ;中共中央党校 编 | |
| 分册: | 党的学说部分 | |
| 出版信息: | 北京 人民出版社 1978 |
|
| 页数: | 519页 | |
| 开本: | 20cm | |
| 丛书名: | ||
| 单 册: | ||
| 中图分类: | A5 | |
| 科图分类: | ||
| 主题词: | 马列著作--汇编 | |
| 电子资源: | ||
| ISBN: | ||
| 000 | 00709nam0 2200241 45 | |
| 001 | 0178002491 | |
| 005 | 20060721110342.48 | |
| 010 | @dCNY1.10 | |
| 091 | @a1001.1158 | |
| 100 | @a19950714d1978 em y0chiy0121 ea | |
| 101 | 0 | @achi |
| 102 | @aCN@b110000 | |
| 105 | @ay z 000yy | |
| 200 | 10 | @a马列著作毛泽东著作选读@Ama lie zhu zuo mao ze dong zhu zuo xuan du@i党的学说部分@f中共中央党校编@FZhong Gong Zhong Yang Dang Xiao Bian |
| 210 | @a北京@c人民出版社@d1978 | |
| 215 | @a519页@d20cm | |
| 300 | @a内部发行 | |
| 517 | @a党的学说部分@ADang De Xue Shuo Bu Fen | |
| 606 | @a马列著作@x汇编 | |
| 690 | @aA5@v3 | |
| 711 | 02 | @a中共中央党校@4编 |
| 801 | 0 | @aCN@bNLC@c20060721 |
| 905 | @f1@b4575@dA5@e1:3 | |
| 马列著作毛泽东著作选读.党的学说部分/中共中央党校编.-北京:人民出版社,1978 |
| 519页;20cm |
| 内部发行 |
| ISBN :CNY1.10 |
| ● |
| 相关链接 |
|
|
|
|
正题名:马列著作毛泽东著作选读
索取号:A5/1:3
 
预约/预借
| 序号 | 登录号 | 条形码 | 馆藏地/架位号 | 状态 | 备注 |
| 1 | 0004575 | 002046716 | 第一样本阅览室/ [索取号:A5/1:3] | 在馆 | |
| 2 | 0425242 | 204252423 | 密集书库/ [索取号:A5/1:3] | 在馆 |